000 00421nam a2200157Ia 4500
008 240729s9999 xx 000 0 und d
022 _a2735-5039
245 0 _aAin Shams Dental Journal
260 _aEgypt
260 _bAin Shams University, Faculty of Dentistry
650 _a Dentistry
650 _aMedicine
856 _uhttps://doaj.org/toc/313e6977c1934e129044135c62b28415
942 _2ddc
942 _cDOAJEJ
999 _c67889
_d67889
945 _a1
_bMadushi Gamage
_c1
_dMadushi Gamage